000 02058cam a22004694a 4500
001 ocm62293035
003 TZ-ArACH
005 20121207120453.0
008 051027s2005 fr b 000 0 fre
010 _a 2005485209
_z 2005481488
020 _a2130553745
020 _a9782130553748
035 _a(OCoLC)62293035
_z(OCoLC)123446101
040 _aDLC
_cTZ-ArACH
_dTZT
_dMUQ
_dAUXAM
_dNYDWH
041 _aFre
042 _apcc
049 _aTZAA
050 0 0 _aKZ6373
_b.T44
082 1 4 _a320
_21
100 1 _aTehindrazanarivelo, Djacoba Liva.
_97185
245 1 4 _aSanctions des Nations Unies et leurs effets secondaires :
_bassistance aux victimes et voies juridiques de prévention /
_cDjacoba Liva Tehindrazanarivelo ; avant-propos de Raymond Ranjeva ; préface de Georges Abi-Saab.
250 _a1st ed.
260 _aParis :
_bPresses universitaires de France,
_c2005.
300 _axxv, 523 p. ;
_c24 cm.
490 1 _aPublications de l'Institut universitaire de hautes études internationales, Genève
504 _aIncludes bibliographical references (p. 489-522)
505 0 _aAnnex 3. Documents officiels relatifs au programme "Petrole contre nourriture".
610 2 0 _aUnited Nations
_xSanctions
_xEconomic aspects.
_97186
610 2 6 _aNations Unies
_xSanctions.
_97187
610 2 7 _aUN. Security Council.
_97188
610 2 7 _aUN. Secretary-General.
_2unbisn
_97189
630 0 7 _aCharter of the United Nations (1945)
_2unbisn
_97190
650 0 _aSanctions (International law)
_xEconomic aspects.
_97191
650 0 _aEconomic sanctions.
_97192
650 6 _aSanctions (Droit international)
_97193
650 1 7 _aSANCTIONS.
_2unbist
_97194
650 1 7 _aLEGAL ASPECTS.
_2unbist
_97195
653 _aInternational relations
_aUnited nations
_aPenalties
_aLaw
_aSecondary effects
830 0 _aPublications de l'Institut universitaire de hautes études internationales, Genève.
_97196
942 _2lcc
_cBOOK
999 _c1973
_d1973